[Event "1A liga SSFBiH"]
[Site "Bosanska Krupa, hotel "]
[Date "2018.08.25"]
[Round "1.6"]
[White "Zenelaj, Samuel"]
[Black "Hajvaz, Dzemal"]
[Result "1-0"]
[WhiteElo "1869"]
[BlackElo "2053"]
[PlyCount "105"]
[EventDate "2018.08.25"]
[EventRounds "9"]
[EventCountry "BIH"]
[WhiteTeam "ŠK Igman, Konjic"]
[BlackTeam "ŠK Goražde"]

1. c4 e6 2. e4 c5 3. Nc3 Nc6 4. Nf3 e5 5. d3 d6 6. g3 Nf6 7. Bg2 h6 8. O-O Be7
9. Rb1 O-O 10. a3 Bg4 11. h3 Be6 12. b4 b6 13. Nd5 Qd7 14. Kh2 Nh7 15. b5 Nd4
16. Nxe7+ Qxe7 17. Nxd4 cxd4 18. f4 f6 19. Bd2 Rad8 20. f5 Bf7 21. a4 Rfe8 22.
h4 Nf8 23. g4 Nd7 24. Rg1 Nc5 25. Bf1 g5 26. fxg6 Bxg6 27. Bxh6 Kf7 28. h5 Rh8
29. Qd2 Rdg8 30. Bh3 Bxe4 31. dxe4 Nxe4 32. Qc1 Nc3 33. Rb2 f5 34. Rf1 f4 35.
Bxf4 Ke8 36. Bg3 Ne4 37. Rg2 Rf8 38. Re1 Nc5 39. Qc2 d3 40. Qc3 Rh6 41. Qd2
Rhf6 42. Bh4 e4 43. Bxf6 Qxf6 44. Re3 Qf4+ 45. Reg3 Qe5 46. Qb2 Qf4 47. Qd4 Ne6
48. Qe3 Qe5 49. Rf2 Nf4 50. Bg2 Ne2 51. Rxe2 dxe2 52. Qxe2 Rf4 53. Kh3 1-0

[Event "1A liga SSFBiH"]
[Site "Bosanska Krupa, hotel "]
[Date "2018.08.25"]
[Round "1.1"]
[White "Obad, Andrija"]
[Black "Sutkovic, Damir"]
[Result "1/2-1/2"]
[WhiteElo "2288"]
[BlackElo "2351"]
[PlyCount "49"]
[EventDate "2018.08.25"]
[EventRounds "9"]
[EventCountry "BIH"]
[WhiteTeam "ŠK Inzio-Tušanj, Tuzla"]
[BlackTeam "ŠK Cazin"]

1. e4 c5 2. Nf3 e6 3. d4 cxd4 4. Nxd4 a6 5. c4 Nf6 6. Nc3 Qc7 7. Be2 b6 8. Be3
Bb7 9. f3 d6 10. Qd2 Nbd7 11. O-O Be7 12. Rfc1 O-O 13. Kh1 Rac8 14. a4 a5 15.
Ncb5 Qb8 16. b4 axb4 17. Qxb4 Rfe8 18. Qd2 d5 19. exd5 exd5 20. Nf5 Bf8 21. Bd4
g6 22. Ng3 Bc5 23. cxd5 Bxd5 24. Bf1 Re6 25. Bxc5 1/2-1/2

[Event "1A liga SSFBiH"]
[Site "Bosanska Krupa, hotel "]
[Date "2018.08.25"]
[Round "1.2"]
[White "Dumpor, Atif"]
[Black "Jeremic, Milan"]
[Result "1/2-1/2"]
[WhiteElo "2303"]
[BlackElo "2181"]
[PlyCount "113"]
[EventDate "2018.08.25"]
[EventRounds "9"]
[EventCountry "BIH"]
[WhiteTeam "ŠK Cazin"]
[BlackTeam "ŠK Inzio-Tušanj, Tuzla"]

1. d4 d5 2. Nf3 Nf6 3. c4 e6 4. Nc3 Be7 5. cxd5 exd5 6. Bf4 O-O 7. e3 c6 8. Bd3
Bg4 9. h3 Bxf3 10. Qxf3 Nbd7 11. O-O Re8 12. Rfd1 Nf8 13. Rab1 Ne6 14. Be5 Bd6
15. Qf5 Nf8 16. Bxf6 Qxf6 17. Qxf6 gxf6 18. b4 a6 19. a4 Ne6 20. b5 axb5 21.
axb5 Ra3 22. Rdc1 Rea8 23. Bf5 h6 24. h4 Kf8 25. g3 Nd8 26. Kg2 Ke7 27. e4 dxe4
28. Nxe4 R8a7 29. Nc5 Bxc5 30. dxc5 cxb5 31. Re1+ Ne6 32. Rxb5 R3a6 33. Bxe6
Rxe6 34. Reb1 Re5 35. Rxb7+ Rxb7 36. Rxb7+ Ke6 37. c6 Rc5 38. c7 h5 39. Rb6+
Ke7 40. Rb5 Rxc7 41. Rxh5 Kf8 42. Rf5 Kg7 43. h5 Rc6 44. Kh3 Rb6 45. Kg4 Rb4+
46. f4 Rb1 47. Ra5 Rh1 48. Kf3 Rf1+ 49. Kg4 Rh1 50. Ra7 Rh2 51. Ra5 Rh1 52. Kf3
Re1 53. g4 Rg1 54. Rf5 Rf1+ 55. Ke2 Rh1 56. Rd5 Rh3 57. Rd3 1/2-1/2

[Event "1A liga SSFBiH"]
[Site "Bosanska Krupa, hotel "]
[Date "2018.08.25"]
[Round "1.3"]
[White "Budimir, Boris"]
[Black "Komic, Ibrahim"]
[Result "1-0"]
[WhiteElo "2203"]
[BlackElo "2193"]
[PlyCount "43"]
[EventDate "2018.08.25"]
[EventRounds "9"]
[EventCountry "BIH"]
[WhiteTeam "ŠK Inzio-Tušanj, Tuzla"]
[BlackTeam "ŠK Cazin"]

1. e4 c5 2. Nf3 e6 3. c4 Nc6 4. d4 cxd4 5. Nxd4 Nf6 6. Nc3 d6 7. Be2 Be7 8. O-O
O-O 9. Be3 a6 10. Rc1 Bd7 11. f4 Nxd4 12. Qxd4 Bc6 13. Bf3 b5 14. cxb5 axb5 15.
a3 Qb8 16. e5 Bxf3 17. Rxf3 Ng4 18. exd6 Bxd6 19. Ne4 Nxe3 20. Qxe3 Be7 21. b4
Rd8 22. Qc3 1-0

[Event "1A liga SSFBiH"]
[Site "Bosanska Krupa, hotel "]
[Date "2018.08.25"]
[Round "1.4"]
[White "Abdic, Adnan"]
[Black "Dugonjic, Dragan"]
[Result "1-0"]
[WhiteElo "2123"]
[BlackElo "2036"]
[PlyCount "93"]
[EventDate "2018.08.25"]
[EventRounds "9"]
[EventCountry "BIH"]
[WhiteTeam "ŠK Cazin"]
[BlackTeam "ŠK Inzio-Tušanj, Tuzla"]

1. e4 c6 2. d4 d5 3. e5 Bf5 4. c4 dxc4 5. Nc3 e6 6. Bxc4 Ne7 7. h3 Nd7 8. Nf3
Nb6 9. Bb3 h6 10. O-O Ned5 11. Qe2 Be7 12. Rd1 a5 13. a3 O-O 14. Ne4 Nc8 15.
Bd2 Qb6 16. Bc4 a4 17. Ng3 Bg6 18. Be1 Rd8 19. Rac1 Rd7 20. Ba2 Qd8 21. Bd2
Ncb6 22. Bb1 Bxb1 23. Rxb1 Rc7 24. Qe4 Bf8 25. Qg4 Kh8 26. Rdc1 Nc8 27. Ne4
Nce7 28. Nd6 Ng8 29. Ne4 Rac8 30. Nc5 Ra8 31. Rc4 b5 32. Rc2 Nb6 33. Ne4 Nc4
34. Bc1 Ne7 35. Nd6 Nxd6 36. exd6 Qxd6 37. Bf4 Qd8 38. Bxc7 Qxc7 39. Ne5 Kg8
40. Qf3 Nd5 41. Rxc6 Qa7 42. Rbc1 Nf6 43. Rc7 Qa5 44. Nxf7 Re8 45. Nxh6+ Kh7
46. Qxf6 Rc8 47. Qf4 1-0

[Event "1A liga SSFBiH"]
[Site "Bosanska Krupa, hotel "]
[Date "2018.08.25"]
[Round "1.5"]
[White "Zupcevic, Nedim"]
[Black "Causevic, Sead"]
[Result "0-1"]
[WhiteElo "2051"]
[BlackElo "2140"]
[PlyCount "76"]
[EventDate "2018.08.25"]
[EventRounds "9"]
[EventCountry "BIH"]
[WhiteTeam "ŠK Inzio-Tušanj, Tuzla"]
[BlackTeam "ŠK Cazin"]

1. d4 Nf6 2. Nf3 d5 3. g3 c5 4. c3 Nc6 5. Bg2 e6 6. O-O Be7 7. b3 O-O 8. Bb2 b6
9. Nbd2 cxd4 10. Nxd4 Nxd4 11. cxd4 Bb7 12. Rc1 Rc8 13. Nf3 Ne4 14. Qd3 Qd6 15.
Ne5 f6 16. Nf3 Qd7 17. Bh3 Rxc1 18. Rxc1 Rc8 19. Rxc8+ Qxc8 20. a3 Kf7 21. Ne1
Ba6 22. Qe3 f5 23. Bg2 Bg5 24. f4 Bf6 25. Bf3 Qc6 26. Kg2 g6 27. Kf1 h6 28.
Bxe4 fxe4 29. Qc3 Qb5 30. Qc2 g5 31. Ng2 Qd7 32. Ne3 gxf4 33. gxf4 e5 34. dxe5
Qh3+ 35. Ke1 Qxe3 36. exf6 Qg1+ 37. Kd2 e3+ 38. Kc3 Qe1+ 0-1

[Event "1A liga SSFBiH"]
[Site "Bosanska Krupa, hotel "]
[Date "2018.08.25"]
[Round "1.6"]
[White "Nuhic, Amir"]
[Black "Mesic, Ismet"]
[Result "1-0"]
[WhiteElo "2155"]
[BlackElo "1562"]
[PlyCount "83"]
[EventDate "2018.08.25"]
[EventRounds "9"]
[EventCountry "BIH"]
[WhiteTeam "ŠK Cazin"]
[BlackTeam "ŠK Inzio-Tušanj, Tuzla"]

1. e4 c5 2. Nc3 Nc6 3. g3 g6 4. Bg2 Bg7 5. d3 e6 6. Be3 d6 7. Qd2 Nge7 8. Nf3
Nd4 9. h4 h5 10. O-O Nec6 11. Ng5 O-O 12. Nd1 Ne5 13. c3 Ndc6 14. f3 b5 15. Nf2
Bb7 16. f4 Nd7 17. Qe2 b4 18. f5 Qe7 19. fxg6 fxg6 20. g4 Nf6 21. e5 Nxe5 22.
Bxb7 Qxb7 23. gxh5 gxh5 24. Nfe4 Nxe4 25. Nxe4 Qa6 26. c4 Qc6 27. Qxh5 Qe8 28.
Rxf8+ Qxf8 29. Rf1 Qe8 30. Qg5 Qg6 31. Qxg6 Nxg6 32. Nxd6 Bd4 33. Bxd4 cxd4 34.
Rf6 Kg7 35. Rxe6 Nf4 36. Re4 Nxd3 37. Rxd4 Nxb2 38. c5 Na4 39. c6 Nb6 40. Rxb4
Rd8 41. Rxb6 axb6 42. c7 1-0

[Event "1A liga SSFBiH"]
[Site "Bosanska Krupa, hotel "]
[Date "2018.08.26"]
[Round "2.1"]
[White "Hadzovic, Amir"]
[Black "Sutkovic, Damir"]
[Result "0-1"]
[WhiteElo "2245"]
[BlackElo "2351"]
[PlyCount "66"]
[EventDate "2018.08.25"]
[EventRounds "9"]
[EventCountry "BIH"]
[WhiteTeam "ŠK Sarajevo"]
[BlackTeam "ŠK Cazin"]

1. e4 c5 2. Nc3 e6 3. d3 Nc6 4. g3 g6 5. Bg2 Bg7 6. f4 Nge7 7. Nf3 d5 8. O-O
O-O 9. Kh1 Rb8 10. Ne2 b5 11. c3 b4 12. Qc2 bxc3 13. bxc3 Ba6 14. e5 f6 15. Re1
fxe5 16. Ng5 Qd7 17. Ba3 h6 18. Nh3 Rb5 19. fxe5 Ra5 20. Bc1 Nxe5 21. Nef4 g5
22. d4 cxd4 23. cxd4 gxf4 24. Nxf4 N5c6 25. Nxe6 Nxd4 26. Nxd4 Bxd4 27. Bxh6
Bxa1 28. Qd2 Bg7 29. Qxa5 Bc4 30. Be3 d4 31. Qb4 Bd5 32. Bxd4 Bxd4 33. Qxe7
Rf1+ 0-1

[Event "1A liga SSFBiH"]
[Site "Bosanska Krupa, hotel "]
[Date "2018.08.26"]
[Round "2.2"]
[White "Dumpor, Atif"]
[Black "Terzic, Ilijas"]
[Result "1/2-1/2"]
[WhiteElo "2303"]
[BlackElo "2143"]
[PlyCount "40"]
[EventDate "2018.08.25"]
[EventRounds "9"]
[EventCountry "BIH"]
[WhiteTeam "ŠK Cazin"]
[BlackTeam "ŠK Sarajevo"]

1. d4 Nf6 2. Nf3 e6 3. c4 d5 4. Nc3 Bb4 5. Qb3 c5 6. e3 Nc6 7. dxc5 Ne4 8. Be2
Qa5 9. O-O Bxc3 10. bxc3 O-O 11. cxd5 exd5 12. c4 Nxc5 13. Qb5 dxc4 14. Bxc4
Be6 15. Bd2 Qxb5 16. Bxb5 Ne4 17. Bxc6 bxc6 18. Rfc1 Rfd8 19. Bb4 a5 20. Ba3
Rd3 1/2-1/2

[Event "1A liga SSFBiH"]
[Site "Bosanska Krupa, hotel "]
[Date "2018.08.26"]
[Round "2.3"]
[White "Gekic, Haris"]
[Black "Komic, Ibrahim"]
[Result "1-0"]
[WhiteElo "2202"]
[BlackElo "2193"]
[PlyCount "47"]
[EventDate "2018.08.25"]
[EventRounds "9"]
[EventCountry "BIH"]
[WhiteTeam "ŠK Sarajevo"]
[BlackTeam "ŠK Cazin"]

1. e4 c5 2. b3 Nc6 3. Bb2 d6 4. Bb5 Bd7 5. f4 a6 6. Bxc6 Bxc6 7. Qe2 e6 8. Nf3
Nf6 9. Nc3 Qc7 10. O-O Be7 11. e5 Nd7 12. exd6 Bxd6 13. Ne4 Bxe4 14. Qxe4 Bxf4
15. Bxg7 Rg8 16. Qxh7 O-O-O 17. Bc3 f6 18. Qe4 e5 19. g3 Rdf8 20. Nh4 f5 21.
Nxf5 Nf6 22. Qc4 Nh5 23. Qe6+ Kb8 24. Rae1 1-0

[Event "1A liga SSFBiH"]
[Site "Bosanska Krupa, hotel "]
[Date "2018.08.26"]
[Round "2.4"]
[White "Abdic, Adnan"]
[Black "Halilovic, Fahrudin"]
[Result "1-0"]
[WhiteElo "2123"]
[BlackElo "2055"]
[PlyCount "69"]
[EventDate "2018.08.25"]
[EventRounds "9"]
[EventCountry "BIH"]
[WhiteTeam "ŠK Cazin"]
[BlackTeam "ŠK Sarajevo"]

1. e4 Nc6 2. Nc3 d6 3. d4 Nf6 4. Nf3 Bg4 5. d5 Nb8 6. h3 Bh5 7. Be2 c6 8. Bg5
Nbd7 9. Qd2 h6 10. Bf4 cxd5 11. exd5 g5 12. Be3 Bg7 13. Nd4 Bg6 14. Bd3 Bxd3
15. Qxd3 Nc5 16. Qb5+ Kf8 17. Nf5 a6 18. Qc4 Rc8 19. Qd4 Rh7 20. Nxg7 Rxg7 21.
h4 e5 22. dxe6 fxe6 23. hxg5 hxg5 24. O-O-O Ke7 25. Rh6 e5 26. Qd2 Ne6 27. Rxf6
Kxf6 28. Ne4+ Kg6 29. Nxd6 Rb8 30. Qd3+ Kf6 31. Qf5+ Ke7 32. Qxe5 Qg8 33. Nf5+
Kf7 34. Rd7+ Kg6 35. Nxg7 1-0

[Event "1A liga SSFBiH"]
[Site "Bosanska Krupa, hotel "]
[Date "2018.08.26"]
[Round "2.5"]
[White "Strinic, Halid"]
[Black "Causevic, Sead"]
[Result "1/2-1/2"]
[WhiteElo "2116"]
[BlackElo "2140"]
[PlyCount "132"]
[EventDate "2018.08.25"]
[EventRounds "9"]
[EventCountry "BIH"]
[WhiteTeam "ŠK Sarajevo"]
[BlackTeam "ŠK Cazin"]

1. c4 Nf6 2. Nc3 e5 3. Nf3 Nc6 4. d3 d5 5. cxd5 Nxd5 6. g3 Bc5 7. Bg2 Nxc3 8.
bxc3 e4 9. Ng5 e3 10. Ne4 exf2+ 11. Nxf2 h5 12. d4 Be7 13. O-O h4 14. g4 h3 15.
Bf3 Na5 16. e4 Bd7 17. Rb1 b6 18. e5 c6 19. Ne4 Be6 20. Rb2 Qd7 21. Ng5 Bc4 22.
Re1 O-O-O 23. e6 fxe6 24. Nf7 Bh4 25. Nxh8 Bxe1 26. Qxe1 Rxh8 27. Bf4 Rf8 28.
Qe5 Kb7 29. Rf2 Bd5 30. Bd1 Nc4 31. Qh5 Bg2 32. Be2 Nd6 33. Bxd6 Rxf2 34. Kxf2
Qxd6 35. Qf7+ Kb8 36. Qg8+ Kc7 37. Qxg7+ Kd8 38. Qf6+ Kc7 39. Qe5 Qxe5 40. dxe5
Kd7 41. Bf3 Bxf3 42. Kxf3 b5 43. Kf4 Ke7 44. Kg5 c5 45. Kh6 b4 46. cxb4 c4 47.
g5 c3 48. g6 c2 49. g7 c1=Q+ 50. Kh7 Qg5 51. g8=Q Qh5+ 52. Kg7 Qxe5+ 53. Kh6
Qxh2 54. Qg5+ Kd7 55. Qb5+ Kd8 56. Qg5+ Kc8 57. Qc5+ Qc7 58. Qf8+ Kb7 59. Qf3+
Ka6 60. Qxh3 Qf4+ 61. Kg6 Qf5+ 62. Qxf5 exf5 63. Kxf5 Kb5 64. Ke4 Kxb4 65. Kd3
Ka3 66. Kc2 Kxa2 1/2-1/2

[Event "1A liga SSFBiH"]
[Site "Bosanska Krupa, hotel "]
[Date "2018.08.26"]
[Round "2.6"]
[White "Nuhic, Amir"]
[Black "Miladinovic, Zlatko"]
[Result "1-0"]
[WhiteElo "2155"]
[BlackElo "2082"]
[PlyCount "67"]
[EventDate "2018.08.25"]
[EventRounds "9"]
[EventCountry "BIH"]
[WhiteTeam "ŠK Cazin"]
[BlackTeam "ŠK Sarajevo"]

1. e4 c5 2. Nc3 Nc6 3. g3 g6 4. Bg2 Bg7 5. d3 e6 6. Be3 d6 7. Qd2 Rb8 8. f4 Nd4
9. Nf3 Ne7 10. O-O Nxf3+ 11. Bxf3 Bd4 12. Nd1 O-O 13. Bxd4 cxd4 14. Nf2 Qb6 15.
Rab1 f5 16. Rfe1 Bd7 17. h4 Rbe8 18. h5 Nc6 19. hxg6 hxg6 20. Kg2 Kg7 21. Nh3
Qb4 22. c3 Qa5 23. b4 Qb6 24. b5 Nd8 25. Rb4 e5 26. cxd4 exf4 27. Nxf4 Qa5 28.
Nxg6 Kxg6 29. Bh5+ Kxh5 30. Rh1+ Kg6 31. Qh6+ Kf7 32. Qh7+ Ke6 33. Rh6+ Rf6 34.
Qxf5+ 1-0

[Event "1A liga SSFBiH"]
[Site "Bosanska Krupa, hotel "]
[Date "2018.08.26"]
[Round "2.1"]
[White "Kojic, Tigran"]
[Black "Obad, Andrija"]
[Result "1-0"]
[WhiteElo "2340"]
[BlackElo "2288"]
[PlyCount "109"]
[EventDate "2018.08.25"]
[EventRounds "9"]
[EventCountry "BIH"]
[WhiteTeam "ŠK Igman, Konjic"]
[BlackTeam "ŠK Inzio-Tušanj, Tuzla"]

1. d4 Nf6 2. c4 g6 3. Nc3 Bg7 4. g3 O-O 5. Bg2 d6 6. Nf3 Nc6 7. O-O Bf5 8. Ne1
Qd7 9. e4 Bh3 10. Nc2 Bxg2 11. Kxg2 a5 12. f3 Rfe8 13. Be3 e5 14. d5 Nb4 15. a3
Nxc2 16. Qxc2 a4 17. c5 Bf8 18. cxd6 cxd6 19. Rac1 Rec8 20. Qe2 Ra5 21. Rc2 Be7
22. Rfc1 Bd8 23. Na2 Rxc2 24. Qxc2 Rb5 25. Nc3 Rb3 26. Bh6 Ne8 27. Nd1 Nc7 28.
Qc4 f5 29. Rc3 Qb5 30. Qxb5 Rxb5 31. Rc4 fxe4 32. fxe4 g5 33. Bxg5 Bxg5 34.
Rxc7 Rb3 35. Rc3 Bd2 36. Rxb3 axb3 37. Kf3 Kf7 38. Ke2 Ba5 39. Kd3 Bb6 40. Kc4
Kg6 41. Kxb3 Kg5 42. h3 Bg1 43. Kc4 Bh2 44. Ne3 Bxg3 45. Nf5 Bf2 46. Nxd6 Kh4
47. Nf5+ Kxh3 48. d6 Bb6 49. Kd5 h5 50. Kxe5 Kg4 51. b4 h4 52. Nxh4 Kxh4 53.
Kf5 Kh5 54. e5 Kh6 55. Kf6 1-0

[Event "1A liga SSFBiH"]
[Site "Bosanska Krupa, hotel "]
[Date "2018.08.26"]
[Round "2.2"]
[White "Jeremic, Milan"]
[Black "Pastar, Slaven"]
[Result "0-1"]
[WhiteElo "2181"]
[BlackElo "2307"]
[PlyCount "86"]
[EventDate "2018.08.25"]
[EventRounds "9"]
[EventCountry "BIH"]
[WhiteTeam "ŠK Inzio-Tušanj, Tuzla"]
[BlackTeam "ŠK Igman, Konjic"]

1. d4 d5 2. Nf3 Nf6 3. e3 c5 4. c4 e6 5. Nc3 Nc6 6. cxd5 exd5 7. Be2 Be7 8. O-O
O-O 9. dxc5 Bxc5 10. b3 Bf5 11. Na4 Be7 12. Bb2 Ne4 13. Nd4 Bg6 14. Rc1 Rc8 15.
Nxc6 bxc6 16. Qd4 Bf6 17. Qb4 Bxb2 18. Nxb2 c5 19. Qa3 d4 20. Ba6 dxe3 21. fxe3
Qg5 22. Nc4 Rc7 23. Rcd1 Nc3 24. Rde1 Be4 25. g3 Ba8 26. Qa5 Qd5 27. e4 Qd4+
28. Re3 Nd1 29. Qxc7 Nxe3 30. Nxe3 Qxe3+ 31. Rf2 Qxe4 32. Re2 Qh1+ 33. Kf2
Qxh2+ 34. Kf1 Qh1+ 35. Kf2 Qg2+ 36. Ke1 Qg1+ 37. Kd2 Qd4+ 38. Ke1 Rd8 39. Kf1
Qf6+ 40. Ke1 Qc3+ 41. Kf2 Qf3+ 42. Ke1 Qh1+ 43. Kf2 Qg2+ 0-1

[Event "1A liga SSFBiH"]
[Site "Bosanska Krupa, hotel "]
[Date "2018.08.26"]
[Round "2.3"]
[White "Mrndjic, Muamer"]
[Black "Budimir, Boris"]
[Result "0-1"]
[WhiteElo "2249"]
[BlackElo "2203"]
[PlyCount "126"]
[EventDate "2018.08.25"]
[EventRounds "9"]
[EventCountry "BIH"]
[WhiteTeam "ŠK Igman, Konjic"]
[BlackTeam "ŠK Inzio-Tušanj, Tuzla"]

1. e4 c5 2. Nf3 Nc6 3. d4 cxd4 4. Nxd4 Nf6 5. Nc3 d6 6. Bc4 e6 7. O-O Be7 8.
Be3 a6 9. a3 O-O 10. h3 Nxd4 11. Qxd4 b5 12. Bb3 Bb7 13. f4 a5 14. f5 e5 15.
Qd3 b4 16. axb4 axb4 17. Nd5 Nxd5 18. Bxd5 Bxd5 19. Qxd5 Rc8 20. Rf2 Bg5 21.
Bxg5 Qxg5 22. Qxd6 Qe3 23. Qd3 Qb6 24. Ra6 Qc5 25. Rd6 Ra8 26. g3 Ra1+ 27. Kg2
Rb1 28. Rd5 Qc7 29. c4 Rc1 30. Rc2 Ra1 31. Rd2 Rc1 32. Rc2 Ra1 33. Rd7 Qc5 34.
Rf2 Re1 35. Rd8 f6 36. Rf1 Re3 37. Rxf8+ Kxf8 38. Qd8+ Kf7 39. Qd5+ Qxd5 40.
exd5 Ke7 41. Ra1 Re2+ 42. Kf3 Rxb2 43. c5 Rc2 44. Ra7+ Kd8 45. c6 Rd2 46. Rd7+
Kc8 47. d6 b3 48. Rc7+ Kd8 49. Rxg7 Rxd6 50. Rxh7 Rxc6 51. Rb7 Rc3+ 52. Ke4
Rxg3 53. h4 Rh3 54. Kd5 Rxh4 55. Rxb3 Ra4 56. Rb6 Ke7 57. Re6+ Kf7 58. Rb6 Rd4+
59. Kc5 Kg7 60. Rb1 Rf4 61. Kd5 Rxf5 62. Ke6 Rf4 63. Rg1+ Kh6 0-1

[Event "1A liga SSFBiH"]
[Site "Bosanska Krupa, hotel "]
[Date "2018.08.26"]
[Round "2.4"]
[White "Dugonjic, Dragan"]
[Black "Zacinovic, Alija"]
[Result "0-1"]
[WhiteElo "2036"]
[BlackElo "2171"]
[PlyCount "112"]
[EventDate "2018.08.25"]
[EventRounds "9"]
[EventCountry "BIH"]
[WhiteTeam "ŠK Inzio-Tušanj, Tuzla"]
[BlackTeam "ŠK Igman, Konjic"]

1. c4 g6 2. Nf3 Bg7 3. d4 Nf6 4. Nc3 d5 5. e3 O-O 6. Be2 e6 7. O-O b6 8. b3 Bb7
9. Bb2 dxc4 10. Bxc4 a6 11. Rc1 Nbd7 12. Ba3 Re8 13. Qe2 Nd5 14. Nxd5 exd5 15.
Bd3 c5 16. dxc5 bxc5 17. Bxc5 Nxc5 18. Rxc5 d4 19. e4 Rc8 20. Rxc8 Qxc8 21. Nd2
f5 22. f3 Kh8 23. Re1 Qc5 24. Kh1 Bh6 25. Nf1 Qc3 26. Rd1 fxe4 27. Bxe4 Bxe4
28. fxe4 Bg7 29. Qxa6 Qc2 30. Qd3 Qxa2 31. Nd2 Rb8 32. Re1 Qb2 33. e5 Qc3 34.
Qe2 Bh6 35. e6 d3 36. Nb1 dxe2 37. Nxc3 Bd2 38. Rxe2 Bxc3 39. Re3 Bf6 40. g3
Kg8 41. Kg2 Kf8 42. Kf3 Ke7 43. g4 Rb4 44. Kg3 Bd4 45. Rd3 Be5+ 46. Kh3 Kxe6
47. Rf3 Re4 48. Kh4 h6 49. h3 Bf4 50. Rc3 Kd5 51. b4 Rxb4 52. Rd3+ Ke4 53. Ra3
Rd4 54. Ra6 Bd6 55. Rb6 Rd3 56. g5 Bg3+ 0-1

[Event "1A liga SSFBiH"]
[Site "Bosanska Krupa, hotel "]
[Date "2018.08.26"]
[Round "2.5"]
[White "Kovacic, Dubravko"]
[Black "Zupcevic, Nedim"]
[Result "1/2-1/2"]
[WhiteElo "2045"]
[BlackElo "2051"]
[PlyCount "62"]
[EventDate "2018.08.25"]
[EventRounds "9"]
[EventCountry "BIH"]
[WhiteTeam "ŠK Igman, Konjic"]
[BlackTeam "ŠK Inzio-Tušanj, Tuzla"]

1. c4 e5 2. Nc3 Nc6 3. Nf3 Nf6 4. e4 Bc5 5. h3 a6 6. a3 d6 7. b4 Ba7 8. d3 Nd4
9. Be3 Ne6 10. Bxa7 Rxa7 11. g3 c5 12. Bg2 O-O 13. O-O b6 14. Nd5 g6 15. Qd2
Kg7 16. Rab1 Nxd5 17. cxd5 Nd4 18. Nxd4 cxd4 19. f4 f6 20. Rbc1 Bd7 21. Kh2 Ba4
22. h4 Rff7 23. fxe5 fxe5 24. Rf2 Rxf2 25. Qxf2 Rf7 26. Qe2 Qf8 27. Rf1 Rxf1
28. Bxf1 Bd7 29. Bh3 Bxh3 30. Kxh3 Qc8+ 31. Qg4 Qxg4+ 1/2-1/2

[Event "1A liga SSFBiH"]
[Site "Bosanska Krupa, hotel "]
[Date "2018.08.26"]
[Round "2.6"]
[White "Mesic, Ismet"]
[Black "Zenelaj, Samuel"]
[Result "0-1"]
[WhiteElo "1562"]
[BlackElo "1869"]
[PlyCount "78"]
[EventDate "2018.08.25"]
[EventRounds "9"]
[EventCountry "BIH"]
[WhiteTeam "ŠK Inzio-Tušanj, Tuzla"]
[BlackTeam "ŠK Igman, Konjic"]

1. d4 Nf6 2. Nf3 d6 3. c4 g6 4. Nc3 Bg7 5. e4 O-O 6. Be2 e5 7. O-O Nc6 8. d5
Ne7 9. Ne1 Ne8 10. Be3 f5 11. f3 f4 12. Bf2 g5 13. Nd3 Ng6 14. b4 h5 15. c5 Rf7
16. Rc1 Bf8 17. b5 b6 18. cxb6 axb6 19. Nb4 Qf6 20. a4 Bh6 21. Ra1 Rg7 22. h3
Nf8 23. Nc6 Qg6 24. a5 bxa5 25. Rxa5 Rxa5 26. Nxa5 Nf6 27. Nc6 g4 28. fxg4 hxg4
29. hxg4 Bxg4 30. Bxg4 Nxg4 31. Qf3 Qh5 32. Rb1 Qh2+ 33. Kf1 Ne3+ 34. Ke2 Rxg2
35. Na4 Bg5 36. Rf1 Bh4 37. b6 cxb6 38. Ke1 Nxf1 39. Kxf1 Rxf2+ 0-1

[Event "1A liga SSFBiH"]
[Site "Bosanska Krupa, hotel "]
[Date "2018.08.26"]
[Round "2.1"]
[White "Avdic, Mirza"]
[Black "Zajic, Milan"]
[Result "0-1"]
[WhiteElo "2205"]
[BlackElo "2503"]
[PlyCount "60"]
[EventDate "2018.08.25"]
[EventRounds "9"]
[EventCountry "BIH"]
[WhiteTeam "ŠK Gracanica"]
[BlackTeam "ŠK Goražde"]

1. d4 Nf6 2. Nf3 e6 3. e3 c5 4. dxc5 Bxc5 5. Be2 O-O 6. O-O d5 7. a3 a5 8. b3
Nc6 9. Bb2 Qe7 10. c4 dxc4 11. bxc4 e5 12. Nc3 Rd8 13. Qc2 e4 14. Nd2 Bf5 15.
Nb3 Bd6 16. Nb5 Be5 17. N3d4 Bg6 18. Nxc6 bxc6 19. Bxe5 Qxe5 20. Nd4 Qc7 21.
Rfd1 h5 22. c5 Rd5 23. Rdc1 a4 24. Qb2 Rb8 25. Qc2 Rxd4 26. exd4 e3 27. Qa2
exf2+ 28. Kh1 Rb3 29. Bf3 Rxf3 30. gxf3 Ng4 0-1

[Event "1A liga SSFBiH"]
[Site "Bosanska Krupa, hotel "]
[Date "2018.08.26"]
[Round "2.2"]
[White "Vukic, Milan"]
[Black "Coric, Ahmed"]
[Result "1-0"]
[WhiteElo "2386"]
[BlackElo "2131"]
[PlyCount "91"]
[EventDate "2018.08.25"]
[EventRounds "9"]
[EventCountry "BIH"]
[WhiteTeam "ŠK Goražde"]
[BlackTeam "ŠK Gracanica"]

1. Nf3 Nf6 2. g3 g6 3. b3 Bg7 4. Bb2 d5 5. c4 c6 6. Bg2 O-O 7. O-O a5 8. d3 a4
9. Nbd2 a3 10. Bc3 c5 11. cxd5 Nxd5 12. Bxg7 Kxg7 13. Qc1 Qa5 14. Nc4 Qa7 15.
Ne1 Nb4 16. Qc3+ f6 17. d4 N8c6 18. Bxc6 Nxc6 19. dxc5 Bh3 20. Nd3 Bxf1 21.
Kxf1 Rad8 22. b4 Qb8 23. Nxa3 Qc8 24. Nc2 e5 25. b5 Nd4 26. Nxd4 Rxd4 27. f3
Rfd8 28. Nf2 Qe6 29. a4 Qd5 30. Qa3 Qc4 31. b6 Rd2 32. Qe3 R8d4 33. a5 Qxc5 34.
Nd3 Qc2 35. Rc1 Rd1+ 36. Rxd1 Qxd1+ 37. Kf2 Qa4 38. Nxe5 fxe5 39. Qxe5+ Kf7 40.
a6 Rd7 41. axb7 Rxb7 42. Qd5+ Kf6 43. Qxb7 Qd4+ 44. Kg2 Qb2 45. Qa6 Ke5 46. b7
1-0

[Event "1A liga SSFBiH"]
[Site "Bosanska Krupa, hotel "]
[Date "2018.08.26"]
[Round "2.3"]
[White "Avdic, Adnan A"]
[Black "Muratovic, Efim"]
[Result "0-1"]
[WhiteElo "2046"]
[BlackElo "2383"]
[PlyCount "61"]
[EventDate "2018.08.25"]
[EventRounds "9"]
[EventCountry "BIH"]
[WhiteTeam "ŠK Gracanica"]
[BlackTeam "ŠK Goražde"]

1. d4 c5 2. e3 e6 3. Nf3 Nf6 4. Bd3 d5 5. c3 Nc6 6. Nbd2 Be7 7. O-O O-O 8. Ne5
Bd7 9. f4 Be8 10. b3 Qb6 11. Bb2 a5 12. a4 Nd7 13. Qb1 f5 14. Nxd7 Bxd7 15. Bb5
Be8 16. Qd3 Rd8 17. Ba3 Na7 18. c4 dxc4 19. Nxc4 Bxb5 20. axb5 Qxb5 21. Qc3 Nc6
22. dxc5 Bf6 23. Qc2 Bxa1 24. Rxa1 Rd5 25. Qc3 Rfd8 26. Nd6 Qd3 27. Bb2 Qxc3
28. Bxc3 Rxc5 29. Nxb7 Rxc3 30. Nxd8 Nxd8 31. Rxa5 0-1

[Event "1A liga SSFBiH"]
[Site "Bosanska Krupa, hotel "]
[Date "2018.08.26"]
[Round "2.4"]
[White "Stavnjak, Lazar"]
[Black "Mujacic, Haris"]
[Result "1-0"]
[WhiteElo "2221"]
[BlackElo "1972"]
[PlyCount "105"]
[EventDate "2018.08.25"]
[EventRounds "9"]
[EventCountry "BIH"]
[WhiteTeam "ŠK Goražde"]
[BlackTeam "ŠK Gracanica"]

1. e4 e6 2. d4 d5 3. Nc3 Bb4 4. e5 Ne7 5. a3 Bxc3+ 6. bxc3 c5 7. Nf3 b6 8. a4
Ba6 9. Bxa6 Nxa6 10. O-O O-O 11. Qd3 Nb8 12. Ng5 Ng6 13. f4 h6 14. Nxe6 fxe6
15. Qxg6 Qe8 16. Qxe8 Rxe8 17. a5 Nc6 18. axb6 axb6 19. Rb1 Na5 20. Rxb6 Nc4
21. Rb5 cxd4 22. cxd4 g6 23. g4 Rab8 24. Rxb8 Rxb8 25. f5 exf5 26. gxf5 g5 27.
h4 Kf7 28. hxg5 hxg5 29. Kf2 Rh8 30. Rg1 Rh4 31. c3 Re4 32. Rxg5 Nxe5 33. dxe5
Rxe5 34. Be3 Re4 35. Bd4 Rf4+ 36. Ke3 Rf1 37. Rg7+ Kf8 38. f6 Ke8 39. Rg5 Re1+
40. Kd2 Rh1 41. Rxd5 Rh2+ 42. Kd3 Rh3+ 43. Ke4 Rh1 44. Kf5 Re1 45. Be5 Ra1 46.
Ke6 Ra6+ 47. Bd6 Ra7 48. Rh5 Re7+ 49. Kf5 Re1 50. Rh7 Rf1+ 51. Ke6 Re1+ 52. Be5
Rxe5+ 53. Kxe5 1-0